| 000 | 00751nam a22002417a 4500 | ||
|---|---|---|---|
| 003 | UA-OsUOA | ||
| 001 | 54481 | ||
| 007 | ta | ||
| 008 | 20171025b un ||||| |||| 00| 0 ukr d | ||
| 100 | _aКаганець І. | ||
| 090 |
_a22 _bК12 |
||
| 942 | _cBK | ||
| 040 |
_aUA-OsUOA _bukr _cUA-OsUOA _dUA-OsUOA |
||
| 245 |
_aПшениця без куколю _bЄвангеліє без вставок і спотворень |
||
| 300 | _a558 с. | ||
| 955 | _a4 | ||
| 041 | _aukr | ||
| 080 | _a22 | ||
| 260 |
_aКиїв; Тернопіль; Львів _c2006 |
||
| 650 | 7 |
_a22 Біблія. Святе писання _2UDC |
|
| 999 |
_c434595 _d434595 |
||